00369nam a22001097a 4500008004100000082001400041100001800055245008100073260003700154300003500191700003300226221206b |||||||| |||| 00| 0 eng d a917.3 SMO aSmolan, Rick. aAmerica 24/7: b24 Hours. 7 Days. Extraordinary Images of One American Week. aNew York:bDK publishing;c2004. a128 p:bcolour illus:c29.3 cm aCohen, David Elliot.eauthor